000 01022nam a2200277Ia 4500
003 OSt
005 20221005105105.0
006 a|||||r|||| 00| 0
007 ta
008 221004b |||||||| |||| 00| 0 hin d
020 _a9789380172187 (pbk)
_cINR 180.00
024 _a37738
037 _b1519, 21/02/2018, Bookwell
_cTextual
040 _aCRL
_cCRL
_bhin
041 _2hin
_ahin
082 _aWv5, 152Q5
100 _aदेवेश विजय, ले.
245 0 _aयूरोपीय संस्कृति
_b 1400 - 1800
246 _aYūropīya sanskṛuti: 1400 - 1800
250 _aसंस्करण 3
260 _aदिल्ली
_bहिंदी माध्यम कार्यान्वय निदेशालय भारत
_c2015
300 _a457पृ0
_ccm.
650 _aराजनीति विज्ञान
942 _hWv5, 152Q5
_cTEXL
_2cc
999 _c1014718
_d1014718